[Event "Rivera Huila Hernandez Memorial-B"]
[Site "Rivera Huila"]
[Date "2023.07.23"]
[Round "6"]
[White "Jimenez, Eduard"]
[Black "Gonzalez Gomez, Luis Eduardo"]
[Result "1-0"]
[WhiteElo "1761"]
[BlackElo "1600"]
[PlyCount "65"]
[EventDate "2023.07.20"]
[EventType "swiss"]
[EventRounds "7"]
[EventCountry "COL"]
[SourceTitle "CBM 215 Extra"]
[Source "ChessBase"]
[SourceDate "2023.09.30"]
[SourceVersion "1"]
[SourceVersionDate "2023.09.30"]
[SourceQuality "1"]

1. e4 e6 2. d3 c5 3. Nf3 Nc6 4. g3 d5 5. Nbd2 Bd6 6. Bg2 Nf6 7. c3 0-0 8. 0-0 d4 9. h3 h6 10. a3 e5 11. c4 Be6 12. Kh2 Qd7 13. Re1 Kh7 14. Rg1 Rh8 15. Nf1 a5 16. g4 Rag8 17. Ng3 g6 18. Bd2 Kg7 19. Qe2 Kf8 20. Raf1 Ke8 21. Nh4 Kf8 22. f4 exf4 23. Bxf4 Ne5 24. Bxe5 Bxe5 25. Nf3 Bf4 26. e5 Nh5 27. gxh5 gxh5 28. Bh1 Bxh3 29. e6 Bxe6 30. Ne5 Bxe5 31. Qxe5 Qe7 32. Qb8+ Qe8 33. Qxb7 1-0

[Event "Rivera Huila Hernandez Memorial-B"]
[Site "Rivera Huila"]
[Date "2023.07.21"]
[Round "3"]
[White "Gonzalez Gomez, Luis Eduardo"]
[Black "Acevedo, Fausto"]
[Result "1-0"]
[WhiteElo "1600"]
[BlackElo "1560"]
[PlyCount "68"]
[EventDate "2023.07.20"]
[EventType "swiss"]
[EventRounds "7"]
[EventCountry "COL"]
[SourceTitle "CBM 215 Extra"]
[Source "ChessBase"]
[SourceDate "2023.09.30"]
[SourceVersion "1"]
[SourceVersionDate "2023.09.30"]
[SourceQuality "1"]

1. e4 e5 2. Nf3 Nc6 3. Bc4 Nf6 4. d4 exd4 5. e5 d5 6. Bb5 Ne4 7. Qxd4 Bc5 8. Bxc6+ bxc6 9. Qa4 Bxf2+ 10. Ke2 Bb7 11. Be3 Bxe3 12. Kxe3 0-0 13. Nbd2 c5 14. Rad1 d4+ 15. Ke2 Nxd2 16. Rxd2 Bxf3+ 17. gxf3 Qg5 18. Rf1 Qxe5+ 19. Kd1 h6 20. Re2 Qf6 21. f4 Rab8 22. b3 d3 23. Ref2 dxc2+ 24. Kxc2 Rb4 25. Qa5 Rfb8 26. Qxc5 c6 27. f5 a6 28. Qc3 Qxc3+ 29. Kxc3 Rh4 30. Rg2 Rb5 31. f6 Rc5+ 32. Kb2 Rg5 33. Rd2 gxf6 34. Rxf6 Rg6 1-0